Statistics for Every City in Austria

Click here to take the quiz!

General Stats

  • This quiz has been taken 101 times
  • The average score is 54 of 201

Answers on the Map

Answers color-coded by a green-red scale on the quiz's map according to % correct below.
 

Answer Stats

StateEinwohnerGemeinde% Correct
Vienna1.911.191Vienna
99%
Salzburg155.021Salzburg
95%
Tyrol131.961Innsbruck
93%
Styria291.072Graz
91%
Upper Austria206.595Linz
91%
Vorarlberg29.711Bregenz
84%
Burgenland14.816Eisenstadt
82%
Carinthia101.300Klagenfurt am Wörthersee
82%
Lower Austria55.514St. Pölten
77%
Lower Austria45.823Wiener Neustadt
77%
Carinthia62.882Villach
74%
Upper Austria62.470Wels
70%
Tyrol11.905Lienz
65%
Vorarlberg49.872Dornbirn
61%
Upper Austria38.056Steyr
60%
Lower Austria25.036Krems an der Donau
54%
Lower Austria23.816Amstetten
52%
Lower Austria25.958Baden
52%
Vorarlberg34.210Feldkirch
51%
Lower Austria20.564Mödling
51%
Tyrol8.225Kitzbühel
50%
Tyrol19.527Kufstein
50%
Styria24.471Leoben
50%
Salzburg9.879Zell am See
49%
Lower Austria8.036Bruck an der Leitha
48%
Styria15.787Bruck an der Mur
48%
Tyrol14.153Hall in Tirol
48%
Carinthia25.025Wolfsberg
48%
Burgenland8.585Neusiedl am See
45%
Lower Austria19.570Schwechat
45%
Upper Austria17.518Braunau am Inn
44%
Styria8.266Liezen
44%
Vorarlberg14.845Bludenz
43%
Lower Austria5.338Gmünd
41%
Carinthia2.550Gmünd in Kärnten
41%
Lower Austria27.500Klosterneuburg
41%
Burgenland7.456Mattersburg
41%
Salzburg11.235St. Johann im Pongau
41%
Salzburg21.314Hallein
40%
Burgenland7.600Oberwart
40%
Styria6.795Hartberg
39%
Lower Austria5.630Melk
39%
Upper Austria12.220Ried im Innkreis
39%
Styria6.600Schladming
39%
Upper Austria13.275Gmunden
38%
Carinthia15.300Spittal an der Drau
38%
Lower Austria16.5230Tulln an der Donau
38%
Styria9.853Judenburg
37%
Lower Austria13.331Korneuburg
37%
Styria12.437Leibnitz
37%
Styria11.663Deutschlandsberg
35%
Burgenland3.667Güssing
35%
Lower Austria6.428Horn
35%
Burgenland1.980Rust
35%
Tyrol13.791Schwaz
35%
Lower Austria10.779Zwettl-Niederösterreich
35%
Styria8.639Fürstenfeld
34%
Styria8.347Mürzzuschlag
34%
Lower Austria12.721Neunkirchen
34%
Tyrol10.765Imst
33%
Lower Austria6.241Laa an der Thaya
33%
Tyrol7.633Landeck
33%
Lower Austria11.583Mistelbach
33%
Burgenland3.204Oberpullendorf
33%
Upper Austria12.378Vöcklabruck
33%
Upper Austria14.070Bad Ischl
32%
Upper Austria11.940Enns
32%
Tyrol14.059Wörgl
32%
Lower Austria11.643Gänserndorf
30%
Burgenland4.111Jennersdorf
30%
Styria22.609Kapfenberg
30%
Upper Austria24.756Traun
30%
Carinthia14.270Feldkirchen in Kärnten
29%
Upper Austria7.981Freistadt
29%
Lower Austria11.882Hollabrunn
29%
Styria3.499Murau
29%
Styria11.797Weiz
29%
Carinthia10.899Völkermarkt
28%
Lower Austria5.365Waidhofen an der Thaya
28%
Lower Austria11.222Waidhofen an der Ybbs
28%
Styria13.450Feldbach
27%
Carinthia6.886Hermagor-Pressegger See
27%
Upper Austria28.929Leonding
27%
Burgenland5.924Pinkafeld
27%
Carinthia12.386St. Veit an der Glan
26%
Styria3.178Bad Radkersburg
24%
Styria12.597Knittelfeld
24%
Styria3.669Mariazell
24%
Lower Austria12.126Bad Vöslau
23%
Lower Austria5.912Gloggnitz
23%
Upper Austria5.269Schärding
23%
Lower Austria16.875Stockerau
23%
Styria9.419Voitsberg
23%
Upper Austria4.987Grieskirchen
22%
Lower Austria18.758Traiskirchen
22%
Upper Austria4.259Eferding
21%
Lower Austria2.644Lilienfeld
21%
Upper Austria8.837Perg
21%
Upper Austria5.219Rohrbach-Berg
21%
Lower Austria5.627Ybbs an der Donau
21%
Upper Austria17.092Ansfelden
20%
Lower Austria11.600Groß-Enzersdorf
20%
Lower Austria5.639Haag
20%
Salzburg16.705Saalfelden am Steinernen Meer
20%
Styria5.353Spielberg
20%
Lower Austria14.660Ternitz
20%
Upper Austria9.100Attnang-Puchheim
18%
Salzburg10.580Bischofshofen
18%
Styria10.926Gleisdorf
18%
Lower Austria6.837Hainburg an der Donau
18%
Styria8.150Kindberg
18%
Upper Austria4.559Kirchdorf an der Krems
18%
Lower Austria9.818Purkersdorf
18%
Lower Austria4.132Scheibbs
18%
Carinthia9.873St. Andrä
18%
Lower Austria8.960Deutsch-Wagram
17%
Lower Austria1.271Geras
17%
Styria9.726Köflach
17%
Lower Austria7.548Langenlois
17%
Upper Austria6.927Mattighofen
17%
Salzburg4.876Radstadt
17%
Salzburg10.951Seekirchen am Wallersee
17%
Styria4.830Bad Aussee
16%
Lower Austria840Dürnstein
16%
Carinthia7.123Ferlach
16%
Lower Austria11.401Gerasdorf bei Wien
16%
Vorarlberg16.731Hohenems
16%
Upper Austria14.070Marchtrenk
16%
Lower Austria3.539Mautern an der Donau
16%
Lower Austria4.255Retz
16%
Burgenland2.856Frauenkirchen
15%
Lower Austria7.844Herzogenburg
15%
Salzburg6.402Neumarkt am Wallersee
15%
Lower Austria9.306St. Valentin
15%
Carinthia4.058Bleiburg
13%
Lower Austria3.503Eggenburg
13%
Styria7.176Fehring
13%
Lower Austria5.572Fischamend
13%
Lower Austria3.801Hainfeld
13%
Upper Austria9.843Laakirchen
13%
Lower Austria8.304Neulengbach
13%
Lower Austria7.754Pressbaum
13%
Lower Austria7.299Wolkersdorf im Weinviertel
13%
Styria6.990Zeltweg
13%
Upper Austria5.494Bad Hall
12%
Upper Austria4.260Bad Leonfelden
12%
Styria5.658Bärnbach
12%
Lower Austria9.046Berndorf
12%
Niederösterreich11.229Ebreichsdorf
12%
Upper Austria6.567Gallneukirchen
12%
Upper Austria2.910Grein
12%
Lower Austria1.305Hardegg
12%
Lower Austria3.922Heidenreichstein
12%
Lower Austria2.826Kirchschlag in der Buckligen Welt
12%
Lower Austria2.176Litschau
12%
Lower Austria3.948Pöchlarn
12%
Lower Austria5.383Schrems
12%
Lower Austria6.330Traismauer
12%
Styria11.109Trofaiach
12%
Lower Austria2.645Weitra
12%
Lower Austria4.252Wieselburg
12%
Styria3.806Eisenerz
11%
Styria6.542Frohnleiten
11%
Lower Austria3.783Gföhl
11%
Salzburg5.490Mittersill
11%
Styria3.521Mureck
11%
Burgenland3.486Neufeld an der Leitha
11%
Lower Austria5.483Poysdorf
11%
Upper Austria5.544Pregarten
11%
Burgenland2.85Purbach am Neusiedler See
11%
Tyrol442Rattenberg
11%
Styria5.160Rottenmann
11%
Upper Austria4.932Steyregg
11%
Lower Austria6.492Wilhelmsburg
11%
Upper Austria4.989Altheim
10%
Carinthia4.715Althofen
10%
Lower Austria3.121Ebenfurth
10%
Styria2.641Friedberg
10%
Carinthia4.948Friesach
10%
Lower Austria2.989Marchegg
10%
Salzburg5.804Oberndorf bei Salzburg
10%
Upper Austria4.407Schwanenstadt
10%
Lower Austria4.453Groß-Gerungs
9%
Lower Austria4.138Mannersdorf am Leithagebirge
9%
Burgenland1.985Stadtschlaining
9%
Styria3.364Trieben
9%
Carinthia4.328Bad St. Leonhard im Lavanttal
7%
Lower Austria1.935Maissau
7%
Styria2.934Oberwölz
7%
Carinthia5.782Radenthein
7%
Carinthia2.011Straßburg
7%
Lower Austria1.768Allentsteig
6%
Lower Austria1.210Drosendorf-Zissersdorf
6%
Lower Austria2.721Groß-Siegharts
6%
Lower Austria3.219Mank
6%
Upper Austria4.650Peuerbach
6%
Lower Austria1.538Pulkau
6%
Lower Austria2.635Raabs an der Thaya
6%
Lower Austria5.379Zistersdorf
6%
Tyrol1.492Vils
5%
Lower Austria865Schrattenthal
4%

Score Distribution

Percentile by Number Answered

Percent of People with Each Score

Your Score History

You have not taken this quiz